000
00304nam a22001337a 4500
008
170406b xxu||||| |||| 00| 0 eng d
020
_a
9780683182422
041
_a
eng
080
_2
10 ED
_a
616.34
100
_a
9
101
_a
SHM
245
_a
WINTROBES CLINICAL HERMATOLOGY
_c
LEE.G.R
942
_2
udc
_c
BK
999
_c
9904
_d
9904